Statistiche per Paesi più vicini alla Giordania

Clicka qui per fare il quiz!

Statistiche generali

  • Questo quiz è stato fatto 43 volte
  • Il punteggio medio è 17 su 21

Statistiche sulle risposte

kmnazione% Corretto
0Israele
100%
601Iran
97%
0Iraq
97%
45Libano
95%
0Arabia Saudita
92%
0Siria
92%
887Armenia
89%
7Egitto
89%
342Turchia
89%
868Azerbaijan
86%
291Cipro
86%
937Georgia
84%
673Grecia
81%
0Palestina
81%
776Kuwait
73%
1122Russia
65%
1269Bahrain
62%
971Libia
59%
802Sudan
59%
1233Bulgaria
54%
1269Eritrea
43%

Distribuzione punteggi

Percentile per numero di risposta

Percentuale di utenti per punteggio

I tuoi punteggi nel tempo

Non hai fatto questo quiz